[Event "BCF-chT3N 1920 (4NCL)"]
[Site "England"]
[Date "2019.11.10"]
[Round "2.23"]
[White "Hirst, Joe"]
[Black "Lang, Adam R"]
[Result "1-0"]
[WhiteElo "1915"]
[BlackElo "2145"]
[PlyCount "107"]
[EventDate "2019.11.09"]
[EventType "team-swiss"]
[EventRounds "11"]
[EventCountry "ENG"]
[SourceTitle "EXT 2022"]
[Source "ChessBase"]
[SourceDate "2021.10.06"]
[SourceVersion "1"]
[SourceVersionDate "2021.10.06"]
[SourceQuality "1"]
[WhiteTeam "J'Adoube II"]
[BlackTeam "Bradford DCA Knights"]
[WhiteTeamCountry "ENG"]
[BlackTeamCountry "ENG"]

1. e4 c5 2. b3 Nc6 3. Bb2 e6 4. Nf3 d5 5. exd5 exd5 6. d4 Nf6 7. Nc3 Bg4 8. Bb5 Qe7+ 9. Ne2 Bxf3 10. gxf3 0-0-0 11. Bxc6 bxc6 12. dxc5 Re8 13. Qd3 Nd7 14. b4 Ne5 15. Bxe5 Qxe5 16. c3 Kb7 17. Rb1 Qe6 18. Kd1 Qg6 19. Nf4 Qxd3+ 20. Nxd3 a6 21. a4 Be7 22. Kd2 Bf6 23. b5 axb5 24. axb5 Rb8 25. bxc6+ Kxc6 26. Nb4+ Kb5 27. Nxd5+ Kxc5 28. Nxf6 gxf6 29. Rxb8 Rxb8 30. Rg1 Rd8+ 31. Ke3 Rd5 32. Rg4 Rh5 33. h4 Kd5 34. Rd4+ Kc5 35. c4 Re5+ 36. Kd3 Rf5 37. Ke3 Re5+ 38. Re4 Rh5 39. Rf4 Re5+ 40. Kd3 Rh5 41. Rxf6 Rxh4 42. Rxf7 Rd4+ 43. Ke3 Rh4 44. Rf5+ Kxc4 45. Rf4+ Rxf4 46. Kxf4 Kd5 47. Kg5 Ke6 48. f4 Kf7 49. f5 Kg7 50. f6+ Kf8 51. Kf5 Kf7 52. Kg5 Ke6 53. f3 Kd6 54. Kh6 1-0

[Event "BCF-chT2a 1819 (4NCL)"]
[Site "England"]
[Date "2019.01.12"]
[Round "3.31"]
[White "Lang, Adam R"]
[Black "Polaczek, Richard"]
[Result "0-1"]
[WhiteElo "2163"]
[BlackElo "2374"]
[PlyCount "80"]
[EventDate "2018.11.10"]
[EventType "team-tourn"]
[EventRounds "11"]
[EventCountry "ENG"]
[SourceTitle "EXT 2021"]
[Source "ChessBase"]
[SourceDate "2020.10.23"]
[SourceVersion "1"]
[SourceVersionDate "2020.10.23"]
[SourceQuality "1"]
[WhiteTeam "Bradford DCA Knights"]
[BlackTeam "Manchester Manticores"]
[WhiteTeamCountry "ENG"]
[BlackTeamCountry "ENG"]

1. e4 e6 2. d3 d5 3. Nd2 c5 4. Ngf3 Nc6 5. g3 Bd6 6. Bg2 Nge7 7. 0-0 0-0 8. Re1 Bc7 9. Qe2 Rb8 10. Nf1 b6 11. h4 e5 12. exd5 Nxd5 13. Ne3 Nf6 14. Bd2 h6 15. a4 Re8 16. Bc3 Nd4 17. Qf1 Ba6 18. Bxd4 cxd4 19. Nc4 Bxc4 20. dxc4 e4 21. Nh2 Qe7 22. Qe2 h5 23. Rad1 Rbd8 24. b3 Qc5 25. Kh1 Re6 26. Qf1 Rde8 27. Bh3 R6e7 28. Qg2 e3 29. f3 Qe5 30. Re2 Bd6 31. Nf1 Bc5 32. Rd3 Qc7 33. Kg1 a6 34. Bf5 g6 35. Bh3 b5 36. axb5 axb5 37. cxb5 Nd5 38. f4 Nb4 39. Rd1 Nxc2 40. Rxc2 d3 0-1

[Event "BCF-chT3N 1718 (4NCL)"]
[Site "England"]
[Date "2018.05.06"]
[Round "10.42"]
[White "Lang, Adam R"]
[Black "Somton, Anita"]
[Result "1-0"]
[WhiteElo "2181"]
[BlackElo "1796"]
[PlyCount "63"]
[EventDate "2017.11.11"]
[EventType "team-swiss"]
[EventRounds "11"]
[EventCountry "ENG"]
[SourceTitle "EXT 2020"]
[Source "ChessBase"]
[SourceDate "2019.10.17"]
[SourceVersion "1"]
[SourceVersionDate "2019.10.17"]
[SourceQuality "1"]
[WhiteTeam "Bradford DCA Knights"]
[BlackTeam "Ashfield Breadsall"]
[WhiteTeamCountry "ENG"]
[BlackTeamCountry "ENG"]

1. e4 c6 2. d4 d5 3. e5 Bf5 4. h4 h5 5. Bg5 Qb6 6. Bd3 Bxd3 7. Qxd3 Qa6 8. Qf3 e6 9. Ne2 Nd7 10. 0-0 Be7 11. c3 Bxg5 12. hxg5 Ne7 13. b4 b6 14. a4 c5 15. Na3 Nc6 16. g6 fxg6 17. Nf4 Rf8 18. Qg3 Rxf4 19. Qxf4 c4 20. Nc2 Ne7 21. f3 0-0-0 22. Qf7 Nf5 23. Qxe6 Qb7 24. b5 Kb8 25. Nb4 Ka8 26. Qxd5 Qxd5 27. Nxd5 Nxe5 28. dxe5 Rxd5 29. Rfe1 Rd7 30. Rad1 Re7 31. Re4 Kb7 32. e6 1-0

[Event "BCF-chT3 1415 (4NCL)"]
[Site "England"]
[Date "2015.03.21"]
[Round "7.186"]
[White "Lang, Adam R"]
[Black "Neatherway, A Philip"]
[Result "1-0"]
[WhiteElo "2140"]
[BlackElo "1873"]
[PlyCount "83"]
[EventDate "2015.03.21"]
[EventType "team-swiss"]
[EventRounds "11"]
[EventCountry "ENG"]
[SourceTitle "EXT 2016"]
[Source "ChessBase"]
[SourceDate "2015.10.08"]
[SourceVersion "1"]
[SourceVersionDate "2015.10.08"]
[SourceQuality "1"]
[WhiteTeam "Bradford DCA Knights"]
[BlackTeam "Oxford III"]
[WhiteTeamCountry "ENG"]
[BlackTeamCountry "ENG"]

1. e4 d5 2. exd5 Qxd5 3. Nc3 Qd6 4. Nf3 Nf6 5. Bc4 a6 6. a4 Nc6 7. h3 Be6 8. Bxe6 Qxe6+ 9. Ne2 g6 10. 0-0 Bg7 11. d4 0-0 12. Re1 Rad8 13. c3 Rfe8 14. Nf4 Qd7 15. Qb3 Na5 16. Qa2 Nd5 17. Ne5 Bxe5 18. Rxe5 Nxf4 19. Bxf4 Nc6 20. Re2 b5 21. Rae1 b4 22. Qc4 a5 23. Qd3 bxc3 24. bxc3 e5 25. Bg5 Rb8 26. d5 Qd6 27. Qc4 Nd8 28. Bf4 f6 29. Be3 Nf7 30. Bc5 Qd7 31. Rd2 Nd6 32. Qa2 Kg7 33. c4 f5 34. Rxe5 Ne4 35. Rxe8 Qxe8 36. Bd4+ Kg8 37. Rb2 Rxb2 38. Qxb2 Nd6 39. c5 Nf7 40. Qb7 Qd8 41. d6 cxd6 42. c6 1-0

[Event "BCF-chT3N 1415 (4NCL)"]
[Site "England"]
[Date "2014.11.15"]
[Round "1.56"]
[White "Lang, Adam R"]
[Black "Reynolds, Mark A"]
[Result "1/2-1/2"]
[WhiteElo "2138"]
[BlackElo "1959"]
[PlyCount "120"]
[EventDate "2014.11.15"]
[EventType "team-swiss"]
[EventRounds "6"]
[EventCountry "ENG"]
[SourceTitle "CBM 163 Extra"]
[Source "ChessBase"]
[SourceDate "2014.12.23"]
[SourceVersion "1"]
[SourceVersionDate "2014.12.23"]
[SourceQuality "1"]
[WhiteTeam "Bradford DCA Knights"]
[BlackTeam "North East England II"]
[WhiteTeamCountry "ENG"]
[BlackTeamCountry "ENG"]

1. e4 e6 2. d3 d5 3. Nd2 Nf6 4. Ngf3 Nc6 5. c3 dxe4 6. dxe4 e5 7. Bc4 Bd6 8. 0-0 0-0 9. Qe2 a6 10. a4 Qe7 11. Rd1 Be6 12. Nf1 Na5 13. Bxe6 Qxe6 14. N3d2 h6 15. Ne3 Rfe8 16. Nf5 Bf8 17. b4 Nb3 18. Nxb3 Qxb3 19. Ra3 Qe6 20. c4 Red8 21. Rf1 Kh7 22. Rh3 Ng8 23. f4 Rd7 24. fxe5 Rad8 25. Bg5 Re8 26. Bf4 Bxb4 27. g4 Bf8 28. g5 g6 29. Qg4 Qxc4 30. Nxh6 Bc5+ 31. Be3 Bxe3+ 32. Rxe3 Qc5 33. Qxd7 Qxe3+ 34. Kg2 Qxg5+ 35. Ng4 Re7 36. Rxf7+ Kh8 37. Rxe7 Qxe7 38. Qd5 b6 39. e6 Qd6 40. Qc4 b5 41. axb5 axb5 42. Qb3 Qf4 43. Nf2 Qe5 44. Qd5 Qxd5 45. exd5 Ne7 46. Kf3 Nxd5 47. Ke4 Ne7 48. Nd3 Kg7 49. Ke5 g5 50. h3 Kg6 51. Nb4 Kg7 52. Na6 c6 53. Kd6 Kf8 54. Kd7 Ng6 55. Kd8 Kg7 56. e7 Nxe7 57. Kxe7 Kg6 58. Ke6 Kh5 59. Kf6 Kh4 60. Kg6 Kxh3 1/2-1/2

[Event "BCF-chT2b 1314 (4NCL)"]
[Site "England"]
[Date "2014.03.22"]
[Round "7.63"]
[White "Webb, Richard M"]
[Black "Lang, Adam R"]
[Result "1-0"]
[WhiteElo "2257"]
[BlackElo "2159"]
[PlyCount "103"]
[EventDate "2013.11.16"]
[EventType "team-swiss"]
[EventRounds "11"]
[EventCountry "ENG"]
[SourceTitle "EXT 2015"]
[Source "ChessBase"]
[SourceDate "2014.11.20"]
[SourceVersion "1"]
[SourceVersionDate "2014.11.20"]
[SourceQuality "1"]
[WhiteTeam "BCM Dragons"]
[BlackTeam "Bradford DCA Knights"]
[WhiteTeamCountry "ENG"]
[BlackTeamCountry "ENG"]

1. e4 c6 2. d4 d5 3. Nc3 dxe4 4. Nxe4 Bf5 5. Ng3 Bg6 6. h4 h6 7. Nf3 Nd7 8. h5 Bh7 9. Bd3 Bxd3 10. Qxd3 Ngf6 11. Bd2 e6 12. 0-0-0 Qc7 13. Qe2 0-0-0 14. Ne5 Nb6 15. Ba5 Rd5 16. Bxb6 axb6 17. c4 Ra5 18. Kb1 Bd6 19. f4 Qe7 20. Rd3 Kc7 21. Rhd1 Rha8 22. c5 Bxe5 23. cxb6+ Kxb6 24. fxe5 Nd5 25. Rb3+ Kc7 26. a3 b5 27. Ne4 b4 28. Nd6 Rb8 29. Rc1 Qd7 30. Qc4 Rb6 31. axb4 Ra4 32. Ra3 Rxa3 33. bxa3 Qd8 34. Nb5+ Kb8 35. Nc3 Qh4 36. Nxd5 exd5 37. Qc5 Kb7 38. Rf1 Qxh5 39. Qe7+ Ka6 40. Qxf7 Qe2 41. Qf3 Qd2 42. Rd1 Qg5 43. Qe2+ Ka7 44. Rf1 Rb7 45. Kb2 Qg6 46. Qc2 Qh5 47. Kb3 Rc7 48. Ka4 Ka6 49. Rf3 Qg4 50. Qc5 Qd7 51. Rf8 Ra7 52. Rb8 1-0

[Event "BCF-chT2b 1314 (4NCL)"]
[Site "England"]
[Date "2014.01.12"]
[Round "4.72"]
[White "Lang, Adam R"]
[Black "Coleman, David"]
[Result "0-1"]
[WhiteElo "2172"]
[BlackElo "2264"]
[PlyCount "90"]
[EventDate "2013.11.16"]
[EventType "team-swiss"]
[EventRounds "11"]
[EventCountry "ENG"]
[SourceTitle "EXT 2015"]
[Source "ChessBase"]
[SourceDate "2014.11.20"]
[SourceVersion "1"]
[SourceVersionDate "2014.11.20"]
[SourceQuality "1"]
[WhiteTeam "Bradford DCA Knights"]
[BlackTeam "Barbican Youth"]
[WhiteTeamCountry "ENG"]
[BlackTeamCountry "ENG"]

1. e4 c5 2. Nf3 d6 3. d4 cxd4 4. Nxd4 Nf6 5. Nc3 a6 6. Bg5 e6 7. f4 Be7 8. Qf3 Qc7 9. 0-0-0 Nbd7 10. Bd3 h6 11. Qh3 Nb6 12. f5 e5 13. Nde2 Bd7 14. g4 Bc6 15. Bxf6 Bxf6 16. Qf3 0-0-0 17. Nd5 Bxd5 18. exd5 e4 19. Bxe4 Rhe8 20. Ng3 Nc4 21. c3 Re7 22. Rhe1 Rde8 23. Kb1 Qb6 24. Re2 Kb8 25. Rde1 Bh4 26. Qg2 Bg5 27. Qf2 Qxf2 28. Rxf2 Nd2+ 29. Rxd2 Bxd2 30. Re2 Bf4 31. Bd3 Bxg3 32. Rxe7 Rxe7 33. hxg3 Re3 34. Kc2 Rxg3 35. Be2 Kc7 36. c4 a5 37. Kd2 Kb6 38. Ke1 Rg1+ 39. Kd2 Kc5 40. a3 a4 41. Kc3 Rg3+ 42. Kd2 Kd4 43. Ke1 b6 44. Kd2 Rg2 45. Ke1 Ke3 0-1

[Event "BCF-chT2b 1314 (4NCL)"]
[Site "England"]
[Date "2014.01.11"]
[Round "3.64"]
[White "Shaw, Peter"]
[Black "Lang, Adam R"]
[Result "1/2-1/2"]
[WhiteElo "2165"]
[BlackElo "2172"]
[PlyCount "70"]
[EventDate "2013.11.16"]
[EventType "team-swiss"]
[EventRounds "11"]
[EventCountry "ENG"]
[SourceTitle "EXT 2015"]
[Source "ChessBase"]
[SourceDate "2014.11.20"]
[SourceVersion "1"]
[SourceVersionDate "2014.11.20"]
[SourceQuality "1"]
[WhiteTeam "White Rose II"]
[BlackTeam "Bradford DCA Knights"]
[WhiteTeamCountry "ENG"]
[BlackTeamCountry "ENG"]

1. d4 e6 2. c4 b6 3. e4 Bb7 4. Bd3 f5 5. exf5 Bb4+ 6. Kf1 Nf6 7. fxe6 dxe6 8. Nf3 Nc6 9. c5 bxc5 10. a3 Ba5 11. dxc5 Qd5 12. Be2 Qf5 13. b4 0-0 14. Qd3 Ne4 15. Be3 Rad8 16. Qb5 Ba8 17. Kg1 g5 18. h3 h5 19. Bd3 Ne5 20. Nxe5 Qxe5 21. Ra2 Bd5 22. Re2 c6 23. Qxa5 Bc4 24. Re1 Rxd3 25. Nd2 Nxd2 26. Bxd2 Qf5 27. Be3 Bd5 28. Kh2 Qe5+ 29. Kg1 Qb2 30. Kh2 Qe5+ 31. Kg1 h4 32. Qa6 Qc3 33. Kh2 Qe5+ 34. Kg1 Qf5 35. Kh2 Qe5+ 1/2-1/2

[Event "BCF-chT2b 1314 (4NCL)"]
[Site "England"]
[Date "2013.11.17"]
[Round "2.72"]
[White "Lang, Adam R"]
[Black "Eames, Robert"]
[Result "1-0"]
[WhiteElo "2151"]
[BlackElo "2209"]
[PlyCount "89"]
[EventDate "2013.11.16"]
[EventType "team-swiss"]
[EventRounds "11"]
[EventCountry "ENG"]
[SourceTitle "CBM 157 Extra"]
[Source "ChessBase"]
[SourceDate "2013.12.19"]
[SourceVersion "1"]
[SourceVersionDate "2013.12.19"]
[SourceQuality "1"]
[WhiteTeam "Bradford DCA Knights"]
[BlackTeam "Hackney"]
[WhiteTeamCountry "ENG"]
[BlackTeamCountry "ENG"]

1. e4 c5 2. Nf3 d6 3. d4 cxd4 4. Nxd4 Nf6 5. Nc3 a6 6. Bg5 e6 7. f4 Qc7 8. Qf3 b5 9. 0-0-0 b4 10. Bxf6 gxf6 11. Nd5 exd5 12. exd5 Qc5 13. Qh5 Ra7 14. Bd3 Kd8 15. Bf5 Bxf5 16. Nxf5 Rc7 17. Rd2 Kc8 18. Re1 Kb7 19. Kb1 a5 20. g3 a4 21. Re4 Na6 22. Qe2 a3 23. Rdd4 Ka7 24. Rd3 axb2 25. a4 Qa5 26. Ree3 Nc5 27. Kxb2 Nxa4+ 28. Kc1 Nc3 29. Qf3 Qa1+ 30. Kd2 Nb1+ 31. Ke1 Na3+ 32. Kf2 Rxc2+ 33. Re2 Rc1 34. Qe3+ Kb7 35. Rb3 Nc2 36. Qd2 Rf1+ 37. Kg2 Rg1+ 38. Kh3 Rc1 39. Qd3 Qa5 40. Rxc2 Rxc2 41. Qxc2 Qc5 42. Qe4 h5 43. Rxb4+ Ka6 44. Qd3+ Ka5 45. Qa3# 1-0

[Event "BCF-chT3 1213 (4NCL)"]
[Site "England"]
[Date "2013.03.23"]
[Round "7.55"]
[White "Boulton, William"]
[Black "Lang, Adam R"]
[Result "1-0"]
[WhiteElo "2043"]
[BlackElo "2160"]
[PlyCount "47"]
[EventDate "2012.11.03"]
[EventType "team-swiss"]
[EventRounds "11"]
[EventCountry "ENG"]
[SourceTitle "EXT 2014"]
[Source "ChessBase"]
[SourceDate "2013.11.20"]
[SourceVersion "1"]
[SourceVersionDate "2013.11.20"]
[SourceQuality "1"]
[WhiteTeam "Anglian Avengers II"]
[BlackTeam "Bradford DCA Knights"]
[WhiteTeamCountry "ENG"]
[BlackTeamCountry "ENG"]

1. d4 Nf6 2. c4 c5 3. d5 g6 4. Nc3 Bg7 5. e4 d6 6. f3 0-0 7. Be3 Nbd7 8. Qd2 Ne5 9. 0-0-0 a6 10. Bh6 b5 11. Bxg7 Kxg7 12. h4 h5 13. g4 hxg4 14. f4 Nxc4 15. Bxc4 bxc4 16. Nge2 Nh5 17. f5 f6 18. Nf4 Nxf4 19. Qxf4 gxf5 20. exf5 Kh7 21. Qxg4 Qe8 22. Rhg1 Rg8 23. Qf3 Qf8 24. Qh5+ 1-0

[Event "BCF-chT3N 1213 (4NCL)"]
[Site "England"]
[Date "2012.11.25"]
[Round "2.56"]
[White "Green, Fiona"]
[Black "Lang, Adam R"]
[Result "0-1"]
[WhiteElo "2025"]
[BlackElo "2160"]
[PlyCount "98"]
[EventDate "2012.11.24"]
[EventType "team-swiss"]
[EventRounds "6"]
[EventCountry "ENG"]
[SourceTitle "EXT 2014"]
[Source "ChessBase"]
[SourceDate "2013.11.20"]
[SourceVersion "1"]
[SourceVersionDate "2013.11.20"]
[SourceQuality "1"]
[WhiteTeam "Manchester Manticores"]
[BlackTeam "Bradford DCA Knights"]
[WhiteTeamCountry "ENG"]
[BlackTeamCountry "ENG"]

1. d4 Nf6 2. Bg5 Ne4 3. Bf4 c5 4. f3 Qa5+ 5. c3 Nf6 6. d5 Qb6 7. e4 Qxb2 8. Nd2 Qxc3 9. Bc4 d6 10. Ne2 Qa5 11. Rb1 Nbd7 12. 0-0 g6 13. Nb3 Qc7 14. Qc1 Bg7 15. Bh6 0-0 16. g4 Ne5 17. Bxg7 Kxg7 18. Ng3 Nxc4 19. Qxc4 a6 20. g5 Nd7 21. f4 b5 22. Qc3+ Kg8 23. Ne2 Qb6 24. Kh1 Bb7 25. Qh3 Rad8 26. f5 gxf5 27. Qxf5 Ne5 28. Qf2 Qc7 29. Nf4 Qd7 30. Rg1 Ng6 31. Nh5 Qh3 32. Qe2 Bc8 33. Rg3 Qh4 34. Rbg1 Ne5 35. Nc1 Bg4 36. Nf6+ exf6 37. gxf6 h5 38. Qe3 Kh7 39. Ne2 Rg8 40. Nf4 Bf3+ 41. Rxf3 Nxf3 42. Qxf3 Rxg1+ 43. Kxg1 Qg4+ 44. Kf2 Qxf3+ 45. Kxf3 c4 46. Nxh5 b4 47. Ke3 b3 48. axb3 cxb3 49. Kd2 Rc8 0-1

[Event "BCF-chT2 1011 (4NCL) North"]
[Site "England"]
[Date "2010.11.07"]
[Round "2"]
[White "Lang, Adam R"]
[Black "Nicolson, James R"]
[Result "1-0"]
[WhiteElo "2050"]
[BlackElo "1936"]
[PlyCount "63"]
[EventDate "2010.11.06"]
[EventType "team-swiss"]
[EventRounds "9"]
[EventCountry "ENG"]
[SourceTitle "EXT 2012"]
[Source "ChessBase"]
[SourceDate "2011.11.24"]
[SourceVersion "1"]
[SourceVersionDate "2011.11.24"]
[SourceQuality "1"]

1. e4 Nf6 2. d3 d6 3. Nf3 g6 4. g3 Bg7 5. Bg2 c5 6. 0-0 Nc6 7. c3 0-0 8. Re1 e5 9. a4 h6 10. h3 Be6 11. Be3 Qd7 12. Kh2 Nh5 13. d4 cxd4 14. cxd4 exd4 15. Nxd4 Nxd4 16. Bxd4 Rac8 17. Nc3 a6 18. Bxg7 Nxg7 19. Qd2 Kh7 20. Rad1 Ne8 21. Qe3 Bb3 22. Rd4 Rc4 23. Rxc4 Bxc4 24. Qd4 b5 25. axb5 axb5 26. Ra1 Qe6 27. Ra8 f6 28. Qb6 Rf7 29. Qb8 Re7 30. b3 Bd3 31. Nd5 Bxe4 32. Bxe4 1-0